[Event "Manizales zt U14 integr Centro"]
[Site "Manizales"]
[Date "2014.05.17"]
[Round "4.2"]
[White "Gallego, Julian Andres"]
[Black "Vaca Barrera, Brayan"]
[Result "1-0"]
[WhiteElo "1572"]
[BlackElo "1514"]
[PlyCount "85"]
[EventDate "2014.05.15"]
[EventType "swiss"]
[EventRounds "6"]
[EventCountry "COL"]
[SourceTitle "EXT 2024"]
[Source "ChessBase"]
[SourceDate "2023.10.10"]
[SourceVersion "1"]
[SourceVersionDate "2023.10.10"]
[SourceQuality "1"]

1. d4 Nf6 2. Nf3 e6 3. e3 b6 4. c4 Bb7 5. Be2 d5 6. Nc3 Bb4 7. Bd2 0-0 8. 0-0 Nc6 9. a3 Bd6 10. Qc2 Ne7 11. Nd1 dxc4 12. Qxc4 c6 13. Bb4 Rc8 14. Bxd6 Qxd6 15. e4 Nxe4 16. Nc3 c5 17. Nxe4 Bxe4 18. dxc5 Qd5 19. Qxd5 Nxd5 20. cxb6 axb6 21. Rfc1 Nf4 22. Kf1 Nxe2 23. Kxe2 Bd5 24. Ne5 b5 25. Nd7 Rfd8 26. Nb6 Rb8 27. Nxd5 Rxd5 28. b4 Rbd8 29. Rd1 Rxd1 30. Rxd1 Rxd1 31. Kxd1 Kf8 32. Kd2 Ke7 33. Kc3 Kd6 34. Kb3 Kc6 35. a4 e5 36. a5 f5 37. f3 g6 38. Kc3 h6 39. h3 Kd6 40. Kd3 Kc6 41. g4 h5 42. gxf5 gxf5 43. h4 1-0